Slaughtering operations : (Record no. 11655)
[ view plain ]
| 000 -LEADER | |
|---|---|
| fixed length control field | 00977nam a22003014i 4500 |
| 003 - CONTROL NUMBER IDENTIFIER | |
| control field | URS |
| 005 - DATE AND TIME OF LATEST TRANSACTION | |
| control field | 20220117151026.0 |
| 008 - FIXED-LENGTH DATA ELEMENTS--GENERAL INFORMATION | |
| fixed length control field | 190604t2016 ts ||||| |||| 001 0 eng d |
| 020 ## - INTERNATIONAL STANDARD BOOK NUMBER | |
| International Standard Book Number | 9789351159230 |
| 040 ## - CATALOGING SOURCE | |
| Language of cataloging | eng |
| Description conventions | rda |
| Transcribing agency | URS |
| 050 14 - LIBRARY OF CONGRESS CALL NUMBER | |
| Classification number | TS 1960 |
| Item number | A77 2016 |
| 110 ## - MAIN ENTRY--CORPORATE NAME | |
| Corporate name or jurisdiction name as entry element | 3G eLearning |
| 245 10 - TITLE STATEMENT | |
| Title | Slaughtering operations : |
| Remainder of title | intermediate / |
| Statement of responsibility, etc. | [3G eLearning] |
| 264 #1 - PRODUCTION, PUBLICATION, DISTRIBUTION, MANUFACTURE, AND COPYRIGHT NOTICE | |
| Place of production, publication, distribution, manufacture | UAE : |
| Name of producer, publisher, distributor, manufacturer | 3G eLearning, |
| Date of production, publication, distribution, manufacture, or copyright notice | [2016] |
| 264 #4 - PRODUCTION, PUBLICATION, DISTRIBUTION, MANUFACTURE, AND COPYRIGHT NOTICE | |
| Date of production, publication, distribution, manufacture, or copyright notice | ©2016 |
| 300 ## - PHYSICAL DESCRIPTION | |
| Extent | [ix], 332 pages : |
| Other physical details | chiefly coloured illustrations ; |
| Dimensions | 30 cm |
| Accompanying material | 1 CD-ROM |
| 336 ## - CONTENT TYPE | |
| Source | rdacontent |
| Content type term | text |
| 336 ## - CONTENT TYPE | |
| Source | rdacontent |
| Content type term | still image |
| 336 ## - CONTENT TYPE | |
| Source | rdacontent |
| Content type term | computer program |
| 337 ## - MEDIA TYPE | |
| Source | rdamedia |
| Media type term | unmediated |
| 337 ## - MEDIA TYPE | |
| Source | rdamedia |
| Media type term | computer |
| 338 ## - CARRIER TYPE | |
| Source | rdacarrrier |
| Carrier type term | volume |
| 338 ## - CARRIER TYPE | |
| Source | rdacarrrier |
| Carrier type term | computer disc |
| 500 ## - GENERAL NOTE | |
| General note | Includes index. |
| 524 ## - PREFERRED CITATION OF DESCRIBED MATERIALS NOTE | |
| Preferred citation of described materials note | 3G eLearning. (2016) Slaughtering operations : intermediate. UAE : 3G eLearning. |
| 650 #0 - SUBJECT ADDED ENTRY--TOPICAL TERM | |
| Topical term or geographic name entry element | Slaughtering and slaughter-houses |
| 942 ## - ADDED ENTRY ELEMENTS (KOHA) | |
| Source of classification or shelving scheme | Library of Congress Classification |
| Koha item type | Foreign Books |
| Withdrawn status | Source of classification or shelving scheme | Damaged status | Not for loan | Collection code | Home library | Current library | Shelving location | Date acquired | Source of acquisition | Total Checkouts | Full call number | Barcode | Date last seen | Price effective from | Koha item type |
|---|---|---|---|---|---|---|---|---|---|---|---|---|---|---|---|
| Library of Congress Classification | Reference | Rodriguez College Library | Rodriguez College Library | Reference | 12/07/2018 | Library Fund | TS 1960 T4131 2016 | URSROD-4555 | 12/07/2018 | 12/07/2018 | Foreign Books | ||||
| Library of Congress Classification | Non-fiction | Tanay College Library | Tanay College Library | Reserve Section | 06/04/2019 | TS 1960 A77 2016 | URSTAN-N2768 | 07/02/2019 | 06/24/2019 | Foreign Books |